000 00721nas a2200217 4500
001 BR8804089
003 BR-BrBNA
005 20231205091221.0
007 ta
008 230509b bl.|||p| |||| 00| 00por d
040 _aBR-BrBNA
_bpor
_cBiblioteca Nacional de Agricultura
041 _a(Pt)
072 _aL50
100 1 _aRodrigues, L.E.
245 1 _aBioquimica dos lisossomus - composicao lipedica das membranas dos componentes do compartimento lisossomico hepatico
650 _aCAMUNDONGO
650 _aBIOQUIMICA ANIMAL
773 0 _tArquivos de Biologia e Tecnologia (Brazil)
_xISSN 0365-0979
_g(Jun 1987), v. 30(2) p. 241-251
_wBR8804089
909 _a202311
_bLúcia
_c55
_dLúcia Elande
942 _2AGRIS
_n0
_cANA
999 _c123622
_d123622